000 00799nam a2200229Ii 4500
003 JO-AjNU
008 230605s9999||||xx |||||||||||||| ||und||
017 _a2000/2/370
020 _a9957-11-102-2
040 _aJO-AjNU
_bara
_erda
_cJO-AjNU
041 _aara
050 1 4 _aHG1615.R3546 2006
100 3 _aرمضان،زياد /م.مشارك: محفوظ جودة,
_eauthor
_931902
245 0 0 _aالاتجاهات المعاصرة في ادارة البنوك
250 _aط3
264 3 1 _aعمان: درا وائل للنشر والتوزيع ، 2006
300 _a333ص
_bيحتوي على ببلوغرافية من 322-333ص
336 _atext
_btxt
_2rdacontent
337 _aunmediated
_bn
_2rdamedia
338 _avolume
_bnc
_2rdacarrier
650 4 _aادارة البنوك
_931903
999 _aA12813
_c16381
_d16381